Infrared solar physics (Record no. 10989)

MARC details
000 -LEADER
fixed length control field 01019nam a2200253Ia 4500
003 - CONTROL NUMBER IDENTIFIER
control field IN-BaIIA
008 - FIXED-LENGTH DATA ELEMENTS--GENERAL INFORMATION
fixed length control field 211028s9999 xx 000 0 eng d
020 ## - INTERNATIONAL STANDARD BOOK NUMBER
International Standard Book Number 0-7923-2523-0
040 ## - CATALOGING SOURCE
Transcribing agency IIA Library
080 ## - UNIVERSAL DECIMAL CLASSIFICATION NUMBER
Universal Decimal Classification number 082.2:52
Item number IAU-S154
111 ## - MAIN ENTRY--MEETING NAME
Meeting name or jurisdiction name as entry element Symposium of the International Astronomical Union
Location of meeting U.S.A.
Date of meeting or treaty signing 1992 Mar. 2-6
9 (RLIN) 18773
245 #0 - TITLE STATEMENT
Title Infrared solar physics
Remainder of title proceedings of the 154th symposium of the International Astronomical Union held in Tucson, Arizona, U.S.A. March 2-6,1992
Statement of responsibility, etc. edited by D. M. Rabin, Jefferies J. T. and C. Lindsey
260 ## - PUBLICATION, DISTRIBUTION, ETC.
Place of publication, distribution, etc. Dordrecht
Name of publisher, distributor, etc. Kluwer Academic
Date of publication, distribution, etc. 1994
300 ## - PHYSICAL DESCRIPTION
Extent xvii, 608p.
490 ## - SERIES STATEMENT
Series statement IAU symposium; no. 154
650 ## - SUBJECT ADDED ENTRY--TOPICAL TERM
Topical term or geographic name entry element Astronomy and Astrophysics thesaurus
650 ## - SUBJECT ADDED ENTRY--TOPICAL TERM
Topical term or geographic name entry element Infrared astronomy
9 (RLIN) 5673
650 ## - SUBJECT ADDED ENTRY--TOPICAL TERM
Topical term or geographic name entry element Solar physics
700 ## - ADDED ENTRY--PERSONAL NAME
Personal name Jefferies, J. T., ed
9 (RLIN) 18774
700 ## - ADDED ENTRY--PERSONAL NAME
Personal name Lindsey, C., ed.
9 (RLIN) 18775
700 ## - ADDED ENTRY--PERSONAL NAME
Personal name Rabin, D. M., ed
9 (RLIN) 18776
710 ## - ADDED ENTRY--CORPORATE NAME
Corporate name or jurisdiction name as entry element International Astronomical Union
942 ## - ADDED ENTRY ELEMENTS (KOHA)
Koha item type Books
Holdings
Withdrawn status Lost status Damaged status Not for loan Home library Current library Shelving location Date acquired Total Checkouts Full call number Barcode Date last seen Price effective from Koha item type
        IIA Library-Bangalore IIA Library-Bangalore General Stacks 21/03/1994   082.2:52/ IAU-S154 11902 05/11/2021 21/03/1994 Books

Powered by Koha